| 000 | 00000nam##2200000za#4500 |
| 001 | 9.695394 |
| 003 | CaOODSP |
| 005 | 20210624234545 |
| 007 | cr ||||||||||| |
| 008 | 150407|1998||||xxc|||||o f|0| 0 eng|d |
| 040 | |aCaOODSP|beng |
| 043 | |an-cn--- |
| 086 | 1 |aH46-2/98-211-2E-PDF |
| 110 | 1 |aCanada.|bHealth Canada. |bEnvironmental Health Directorate. |
| 245 | 14|aThe health and environment handbook for health professionals : |h[electronic resource]|bhealth and environment / |c[prepared by the Great Lakes Health Effects Program, Health Canada, and Public Health Branch, Ontario Ministry of Health]. |
| 246 | 1 |iVariant title : |aHealth and environment |
| 260 | |aOttawa - Ontario : |bHealth Canada. |cOctober 1997, c1998. |
| 300 | |a14, 6, 16, 45, 8, 9, 19, 13, 22, 8, 15, 8, 5, 12, 147p.|bfigs., glossary, graphs, references, tables, photographs, index |
| 500 | |aContents: Preface (H46-2-98-211E-4.pdf) -- Overview : human health effects of environmental contaminants (H46-2-98-211E-5.pdf) -- Risk (H46-2-98-211E-6.pdf) -- Contaminants (H46-2-98-211E-7.pdf) -- Exposure (H46-2-98-211E-8.pdf) -- Dose and response for chemicals (H46-2-98-211E-9.pdf) -- Water quality (H46-2-98-211E-10.pdf) -- Outdoor air quality and human health (H46-2-98-211E-11.pdf) -- Food quality (H46-2-98-211E-12.pdf) -- Soil quality (H46-2-98-211E-13.pdf) -- Home environments (H46-2-98-211E-14.pdf) -- Glossary (H46-2-98-211E-15.pdf) -- Index (H46-2-98-211E-16.pdf) -- Bibliography (H46-2-98-211E-17.pdf) -- Contaminant profiles (H46-2-98-211E-18.pdf). For the Resource guide, see H46-2/98-211-1E-PDF. The catalogue number (H46-3/98-211-2E) and ISBN (0-662-26728-1) for the spiral print edition have been incorrectly copied in this electronic publication. |
| 504 | |aBibliography. |
| 520 | 3 |aThe handbook has been prepared primarily as a resource for health professionals working in Ontario communities. Examples of health related research are frequently taken from studies on the health effects of contaminants found in the Great Lakes basin. However, the concepts are general and can be applied in any community concerned about human exposure to pollution. |
| 590 | |a12-16-Supp|b2012-04-17 |
| 690 | 07|aOccupational health|2gcpds |
| 710 | 2 |aOntario Ministry of Health. Public Health Branch. |
| 775 | 08|tManuel sur la santé et l'environnement à l'intention des professionnels de la santé : |w(CaOODSP)9.639533 |
| 776 | 0#|tThe health and environment handbook for health professionals : |w(CaOODSP)9.646906 |
| 856 | 40|ahttp://publications.gc.ca|qPDF|s178 KB|uhttps://publications.gc.ca/collections/Collection/H46-2-98-211E-12.pdf |
| 856 | 40|ahttp://publications.gc.ca|qPDF|s120 KB|uhttps://publications.gc.ca/collections/Collection/H46-2-98-211E-11.pdf |
| 856 | 40|ahttp://publications.gc.ca|qPDF|s100 KB|uhttps://publications.gc.ca/collections/Collection/H46-2-98-211E-13.pdf |
| 856 | 40|ahttp://publications.gc.ca|qPDF|s149 KB|uhttps://publications.gc.ca/collections/Collection/H46-2-98-211E-14.pdf |
| 856 | 40|ahttp://publications.gc.ca|qPDF|s88 KB|uhttps://publications.gc.ca/collections/Collection/H46-2-98-211E-8.pdf |
| 856 | 40|ahttp://publications.gc.ca|qPDF|s67 KB|uhttps://publications.gc.ca/collections/Collection/H46-2-98-211E-5.pdf |
| 856 | 40|ahttp://publications.gc.ca|qPDF|s607 KB|uhttps://publications.gc.ca/collections/Collection/H46-2-98-211E-18.pdf |
| 856 | 40|ahttp://publications.gc.ca|qPDF|s85 KB|uhttps://publications.gc.ca/collections/Collection/H46-2-98-211E-9.pdf |
| 856 | 40|ahttp://publications.gc.ca|qPDF|s189 KB|uhttps://publications.gc.ca/collections/Collection/H46-2-98-211E-10.pdf |
| 856 | 40|ahttp://publications.gc.ca|qPDF|s61 KB|uhttps://publications.gc.ca/collections/Collection/H46-2-98-211E-16.pdf |
| 856 | 40|ahttp://publications.gc.ca|qPDF|s174 KB|uhttps://publications.gc.ca/collections/Collection/H46-2-98-211E-4.pdf |
| 856 | 40|ahttp://publications.gc.ca|qPDF|s294 KB|uhttps://publications.gc.ca/collections/Collection/H46-2-98-211E-7.pdf |
| 856 | 40|ahttp://publications.gc.ca|qPDF|s120 KB|uhttps://publications.gc.ca/collections/Collection/H46-2-98-211E-6.pdf |
| 856 | 40|ahttp://publications.gc.ca|qPDF|s74 KB|uhttps://publications.gc.ca/collections/Collection/H46-2-98-211E-15.pdf |
| 856 | 40|ahttp://publications.gc.ca|qPDF|s102 KB|uhttps://publications.gc.ca/collections/Collection/H46-2-98-211E-17.pdf |